000 00442nam a22001697a 4500
003 BD-ChCU
005 20251217123753.0
008 251217b bg ||||| |||| 00| 0 ben d
040 _cBD-ChCU
082 _a378.43 STG
100 _aStirk, S. D.
_918275
245 _aGerman Universities through english eyes.
_cS. D. Stirk.
260 _aLondon
_bVictor Gollancz
_c1946
300 _a72p
650 0 _aEnglish
_918276
942 _2ddc
_cBK
_n0
999 _c110518
_d110518